=LDR 00000nam 2200000 4500 =001 000803 =005 20250711114124 =035 ##$$a 0010-0725000673 =007 ta =008 250711################a##########0#ind## =020 ##$$a 978-623-472-627-5 =082 ##$$a 398.209 598 =084 ##$$a 398.209 598 PRA k =100 #$$a Praba Ram =245 1#$$a Kucing kubus dan kucing kerucut /$c Praba Ram =250 ##$$a Cetakan pertama =260 ##$$a Jakarta :$b Badan pengembangan dan pembinaan bahasa,$c 2022 =300 ##$$a 24 hlm. : $b Ilusi. ; $c 22,9 cm =650 #4$$a Cerita anak indonesia-terjemahan =650 #4$$a Literasi-bahan bacaan =700 #$$a Sheela Preuitt